La mq̀uina teo-antropo-legal

Bibliographic Details
Main Author: Garca̕ Lp̤ez, Daniel J.
Format: eBook
Language:Spanish
Published: Madrid: Dykinson, 2020
Subjects:
Online Access:Acceso restringido

MARC

LEADER 00000nam a22000007a 4500
005 20200528173246.0
007 cr|||| ||||
008 200528s2020 es |||||s|||| 00||0 spa d
020 |a 978-84-1324-671-0 
035 |a 31542 
040 |a vLex 
090 |c 10444  |d 10444 
100 1 |a Garca̕ Lp̤ez, Daniel J. 
245 1 2 |a La mq̀uina teo-antropo-legal  |h [Recurso electrn̤ico] /  |c Daniel J. Garca̕ Lp̤ez 
256 |a Servicio en ln̕ea 
260 |a Madrid:  |b Dykinson,  |c 2020 
300 |a 1 recurso electrn̤ico 
500 |a La persona en la teora̕ jurd̕ica franquista. 
506 1 |a Disponible solo en los productos indicados  |d vLex Global  |d vLex Global (Academic Edition, excluding Law Schools)  |d vLex Global (U.S. Academic Edition, Law Schools)  |d vLex Global (U.S. Academic Edition, excluding Law Schools)  |d vLex Global (Academic Edition, Law Schools) 
650 0 4 |a Derecho Militar  |z Espaą 
740 0 |a vLex Libros (Servicio en ln̕ea) 
856 4 0 |u http://vlex.com/source/maquina-teo-antropo-legal-31542  |z Acceso restringido 
942 |c BOOK 
999 0 |a Military Law